000 00503nam a22001817a 4500
005 20170629095944.0
010 _aENG-119013
020 _c450.00
_a9789382634058
035 _aEN-102545
037 _bDBAD/PUB
082 _a709.54
100 _aGupta, Manoj
245 _aArt & culture /
_cby Manoj Gupta
260 _aAllahabad
_bMeenakshi Prakashan
_c2015
270 _bAllahabad
_e211001
_a5 Khusro Bagh Roads
300 _av,160p.
_c22cm(Hb)
942 _2ddc
_cEN
_mGUP
_h709.54
999 _c142110
_d142110